书目信息 |
| 题名: |
数据分析与统计建模
|
|
| 作者: | 施锡铨 , 范正绮 编著 | |
| 分册: | ||
| 出版信息: | 上海 上海人民出版社 2007 |
|
| 页数: | 406页 | |
| 开本: | 24cm | |
| 丛书名: | 社会科学研究方法系列 | |
| 单 册: | ||
| 中图分类: | C81 | |
| 科图分类: | ||
| 主题词: | 社会统计--统计方法 | |
| 电子资源: | ||
| ISBN: | 978-7-208-07362-3 | |
| 000 | 01069oam2 2200289 450 | |
| 001 | 012007108857 | |
| 005 | 20120628154505.40 | |
| 010 | @a978-7-208-07362-3@dCNY39.00 | |
| 100 | @a20071222d2007 em y0chiy0110 ea | |
| 101 | 0 | @achi |
| 102 | @aCN@b310000 | |
| 105 | @aa z 000yy | |
| 106 | @ar | |
| 200 | 1 | @a数据分析与统计建模@9shu ju fen xi yu tong ji jian mo@e社科研究中的统计学方法@f施锡铨,范正绮编著 |
| 210 | @a上海@c上海人民出版社@d2007 | |
| 215 | @a406页@c图@d24cm | |
| 225 | 2 | @a社会科学研究方法系列 |
| 330 | @a本书避开繁复的数学推导,以通俗易懂的方式让学生学会统计学方法,尤其是学会计算机统计软件的应用以及输出结果的分析。 | |
| 461 | 0 | @12001 @a社会科学研究方法系列 |
| 510 | 1 | @aData analysis & statistical models@estatistical methods in social science@zeng |
| 517 | 1 | @a社科研究中的统计学方法@9she ke yan jiu zhong de tong ji xue fang fa |
| 606 | 0 | @a社会统计@x统计方法 |
| 690 | @aC81@v4 | |
| 701 | 0 | @a施锡铨@9shi xi quan@4编著 |
| 701 | 0 | @a范正绮@9fan zheng qi@4编著 |
| 801 | 0 | @aCN@bRENTIAN@c20071222 |
| 905 | @b541570-73@dC81@e78@f4 | |
| 数据分析与统计建模:社科研究中的统计学方法/施锡铨,范正绮编著.-上海:上海人民出版社,2007 |
| 406页:图;24cm.-(社会科学研究方法系列) |
| ISBN 978-7-208-07362-3:CNY39.00 |
| 本书避开繁复的数学推导,以通俗易懂的方式让学生学会统计学方法,尤其是学会计算机统计软件的应用以及输出结果的分析。 |
| ● |
| 相关链接 |
|
|
|
|
正题名:数据分析与统计建模
索取号:C81/78
 
预约/预借
| 序号 | 登录号 | 条形码 | 馆藏地/架位号 | 状态 | 备注 |
| 1 | 541570 | 205415709 | 第一样本阅览室/ [索取号:C81/78] | 在馆 | |
| 2 | 541571 | 205415718 | 第一借阅区/ [索取号:C81/78] | 在馆 | |
| 3 | 541572 | 205415727 | 第一借阅区/ [索取号:C81/78] | 在馆 | |
| 4 | 541573 | 205415736 | 密集书库-海洋学院/ [索取号:C81/78] | 在馆 |